000 00191 a2200097 4500
041 _aspa
100 _aPeters, Sharon
245 _aListos, en sus Marcas, Adelante
942 _cBK
952 _71
999 _c19042
_d19042